| 000 | 00700cam a22002291 4500 | ||
|---|---|---|---|
| 001 | ne 66001104 | ||
| 003 | DLC | ||
| 005 | 20260227111824.0 | ||
| 008 | 840127s1965 le 000 0 arar | ||
| 010 | _ane 66001104 | ||
| 035 | _a(OCoLC)10345626 | ||
| 040 |
_aDLC _cTxU _dTxU _dDLC |
||
| 042 | _apremarc | ||
| 050 | 0 | 0 |
_aHX550.I8 _bD32 |
| 100 | 1 |
_aDawālībī, Muḥammad Maʻrūf, _d1907- |
|
| 245 | 1 | 0 |
_aNaẓarāt Islāmīyah fī al-ishtirākīyah al-thawrīyah, _cli-Maʻrūf al-Dawālībī. |
| 250 | _a[al-Ṭabʻah 1] | ||
| 260 |
_a[Bayrūt] _bDār al-Kitāb al-Jadīd _c[1965] |
||
| 300 |
_a144 p. _c20 cm. |
||
| 440 | 0 |
_aSilsilat al-fikr al-ʻArabī, _v3 |
|
| 650 | 0 | _aSocialism and Islam. | |
| 999 |
_c48963 _d48963 |
||